Sociology: introduction and principle (A) (Record no. 9255)

MARC details
000 -LEADER
fixed length control field 00602cam a2200229ua 4500
008 - FIXED-LENGTH DATA ELEMENTS--GENERAL INFORMATION
fixed length control field 171111n ii |||gr||||Z||||||asm
020 ## - INTERNATIONAL STANDARD BOOK NUMBER
International Standard Book Number 8186860126
040 ## - CATALOGING SOURCE
Transcribing agency MAIN
041 ## - LANGUAGE CODE
-- asm
082 ## - DEWEY DECIMAL CLASSIFICATION NUMBER
Classification number 301
100 ## - MAIN ENTRY--PERSONAL NAME
Personal name Giri, Chura,
Relator term
245 ## - TITLE STATEMENT
Title Sociology: introduction and principle (A)
Statement of responsibility, etc. By Chura Giri and others
250 ## - EDITION STATEMENT
Edition statement 1st ed.
260 ## - PUBLICATION, DISTRIBUTION, ETC.
Place of publication, distribution, etc. Dibrugarh:
Name of publisher, distributor, etc. NLpublishers,
Date of publication, distribution, etc. 2013.
300 ## - PHYSICAL DESCRIPTION
Extent 240p.
700 ## - ADDED ENTRY--PERSONAL NAME
Personal name Sharma, Dipankar,
Relator term
700 ## - ADDED ENTRY--PERSONAL NAME
Personal name Bora, Swapnajyoti,
Relator term
942 ## - ADDED ENTRY ELEMENTS (KOHA)
Koha item type Books
653 ## - INDEX TERM--UNCONTROLLED
Uncontrolled term Sociology & anthropology
653 ## - INDEX TERM--UNCONTROLLED
Uncontrolled term Samajtattwa
Holdings
Withdrawn status Lost status Damaged status Not for loan Home library Current library Shelving location Date acquired Total Checkouts Full call number Barcode Date last seen Date last checked out Copy number Price effective from Koha item type
        Naharkatiya College Library Naharkatiya College Library General Stacks 19/09/2020 10 301 | GIR 24212 28/08/2025 26/08/2025 1 19/09/2020 Books
        Naharkatiya College Library Naharkatiya College Library General Stacks 19/09/2020 6 301 | GIR 24213 06/11/2024 29/10/2024 2 19/09/2020 Books
        Naharkatiya College Library Naharkatiya College Library General Stacks 19/09/2020 4 301 | GIR 24214 08/10/2021 12/04/2021 3 19/09/2020 Books

Naharkatiya College © 2020. All rights reserved.

Powered By